Fr. Conceicao Rodrigues College of Engineering

Elementary differential equations (Record no. 19395)

MARC details
000 -LEADER
fixed length control field 00352nam a2200145Ia 4500
082 ## - DEWEY DECIMAL CLASSIFICATION NUMBER
Classification number 511
Item number RAI/BED
100 ## - MAIN ENTRY--PERSONAL NAME
Personal name Rainville .E.D./ Bedient .P.E.
245 ## - TITLE STATEMENT
Title Elementary differential equations
260 ## - PUBLICATION, DISTRIBUTION, ETC.
Name of publisher, distributor, etc. Maxwell-Macmillan
Place of publication, distribution, etc. New York
Date of publication, distribution, etc. 1989
300 ## - PHYSICAL DESCRIPTION
Extent 546
546 ## - LANGUAGE NOTE
Language note ENGLISH
654 ## - SUBJECT ADDED ENTRY--FACETED TOPICAL TERMS
Focus term differential equations
942 ## - ADDED ENTRY ELEMENTS (KOHA)
Koha item type BOOK
Holdings
Withdrawn status Lost status Damaged status Not for loan Collection Home library Current library Shelving location Date acquired Source of acquisition Cost, normal purchase price Inventory number Total Checkouts Full call number Barcode Date last seen Cost, replacement price Price effective from Koha item type
        CRC Fr. Agnel's C.Rodrigues College of Engineering Fr. Agnel's C.Rodrigues College of Engineering   17/03/2023 Progressive Books 292.65 2084 dt 10.02.93   511 RAI/BED 4170 17/03/2023 292.65 10/02/1993 BOOK